000 00817nam a2200205 a 4500
001 BRCA_642
005 20190320203106.0
008 020606s2002 sp-a---##b---f001-0#spa-#
020 _a8436935519 (Obra completa)
040 _aDLC
_cDLC
050 4 _aND813.G6
_b.G69 2002
245 1 0 _aGoya 1900
_bcatálogo ilustrado y estudio de la exposición en el Ministerio de Instrucción Pública y Bellas Artes.
260 _aMadrid
_bDirección General de Bellas Artes y Bienes Culturales : Instituto del Patrimonio Histórico Español
_c2002
300 _a2 v.
_bil.
_c27 cm.
504 _aBibliografía: p. 297-315 (v.1)
600 1 4 _aGoya, Francisco
_d1746-1828
_vExposiciones
_92066
600 1 4 _aGoya, Francisco
_d1746-1828
_xCrítica e interpretación
_92149
700 1 _aGoya, Francisco
_d1746-1828
_92150
942 _2lcc
_cB
999 _c558
_d558